00254nam a2200097Ia 4500008004100000100001600041245002400057245002500081260000900106856004100115160531s9999 xx 000 0 und d aPage, Dany. aStellar Superfluids cby Dany Page, et al. c2013 uhttp://arxiv.org/pdf/1302.6626v2.pdf